000 00480cam a2200205ua 4500
001 7669
005 20260515114237.0
008 141220n ii |||gr||||Z||||||ben
040 _cMAIN
041 _aben
082 _a796.358
100 _aNandi, M.,
_eAuthor.
245 1 _aCricketer ain-kanun
_cBy Moti Nandi
250 _a1st.
260 _aKolkatta:
_bAnanda,
_c1973.
300 _a145p.
653 _aAthletic & outdoor sports & games
653 _aCricket
942 _cBK
999 _c6786
_d6786